Statistiken für Auswanderungen Kuba

Klicken Sie hier um das Quiz zu spielen!

Allgemein

  • Dieses Quiz wurde 62 mal gespielt
  • Das Durchschnittsergebnis liegt bei 16 aus 20

Antwortstatistiken

PlatzLandAnzahl% Korrekt
1.Vereinigte Staaten1.359.990
100%
7.Kanada17.850
98%
2.Spanien164.853
97%
15.Vereinigtes Königreich2.481
97%
3.Brasilien30.910
95%
9.Deutschland8.500
95%
6.Mexiko22.604
95%
16.Argentinien2.457
93%
19.Chile1.805
85%
5.Italien23.476
83%
8.Venezuela11.189
81%
11.Portugal5.262
80%
13.Dominikanische Republik3.639
76%
17.Panama2.144
75%
10.Costa Rica5.791
71%
18.Russland1.905
71%
12.Ecuador4.852
69%
4.Uruguay24.485
69%
14.Schweden2.905
53%
20.Norwegen1.205
49%

Verteilung der Resultate

Perzentil nach korrekt beantworteten Fragen

Anzahl Personen mit jedem Resultat

Ihre Resultats-Entwicklung

Sie haben dieses Quiz noch nicht gespielt